Sports Quiz

Random Sports or Basketball Quiz

NBA 3-Point Leaders (Career) Quiz Stats

 Plays Quiz Updated Apr 15, 2019

Score 0/30 Timer 07:00
30 Plays Today
3s Made Player % Correct
2,483Stephen Curry
96.3%
2,973Ray Allen
87.7%
2,560Reggie Miller
84.5%
1,727LeBron James
78.6%
1,570Kevin Durant
69%
1,685Steve Nash
56.1%
1,988Jason Kidd
53.9%
2,143Paul Pierce
52.2%
1,827Kobe Bryant
50.3%
1,590Mike Miller
47.6%
1,760Peja Stojakovic
32.9%
2,229Vince Carter
30.6%
1,830Chauncey Billups
28.5%
1,787Rashard Lewis
26.4%
2,282Jason Terry
25.9%
3s Made Player % Correct
1,546Eddie Jones
25.2%
1,929J.R. Smith
25.1%
1,542Tim Hardaway
24.6%
1,559Glen Rice
23.4%
1,982Dirk Nowitzki
23.1%
1,798Кlay Thompson
22.7%
2,025James Harden
22.5%
1,978Joe Johnson
21.9%
2,351Kyle Korver
21.8%
1,719Dale Ellis
18.6%
1,532Kyle Lowry
18.2%
2,220Jamal Crawford
17%
1,704J.J. Redick
15.7%
1,608Jason Richardson
13.3%
1,555Wesley Matthews
5.9%

You're not logged in!

Compare scores with friends on all Sporcle quizzes.
OR
Log In

Show Comments

Extras

Top Quizzes Today


Score Distribution

Your Account Isn't Verified!

In order to create a playlist on Sporcle, you need to verify the email address you used during registration. Go to your Sporcle Settings to finish the process.

Report this User

Report this user for behavior that violates our Community Guidelines.

Details: